|
|
|
|
| LEADER |
00000nam a2200000 a 4500 |
| 001 |
vtls011779761 |
| 003 |
SK-MaSNL |
| 005 |
20260301100742.0 |
| 008 |
240318s1909 xo a 0 an0dhun |
| 015 |
|
|
|a SNBA1909
|
| 040 |
|
|
|a SNKHF
|b slo
|c SNK
|e AACR2
|
| 041 |
0 |
|
|a hun
|
| 044 |
|
|
|a xo
|c SK
|
| 072 |
|
7 |
|a 808
|x Literárny štýl. Literárna činnosť a technika. Efektívne využívanie jazyka. Spisovateľská činnosť
|2 konspekt
|
| 080 |
|
|
|a 808.5-051
|2 2011
|
| 100 |
1 |
|
|a Pávai-Vajna, Gabriel,
|d 1851-1913
|4 aut
|9 164046
|
| 245 |
1 |
0 |
|a Emlékbeszéd
|b Tali És Széchiszigeti Dr. Thaly Kálmán A pozsonyi Toldy-Kör Elnöke Arcképének Ünnepies Leleplezése Alkalmából A pozsonyi Toldy-Körben 1909-Ik Évi November Hó 21-Dikén
|c Mondotta Dr. Pávai Vajna Gábor Királyi Tanácsos, Államkórházi Föorvos, A Pozsonyi "Toldy-Kör" Másodelnöke
|
| 260 |
|
|
|a Pozsony
|b Angermayer Károly könyvnyomtató intézetéből
|c 1909
|
| 300 |
|
|
|a 19 s.
|c 25 cm
|
| 500 |
|
|
|a Ozdobná linka, ozdobná iniciála
|
| 600 |
1 |
4 |
|a Thaly, Koloman,
|c historik, básnik, publicista,
|d 1839-1909
|9 433998
|
| 655 |
|
7 |
|a príležitostné tlače
|2 SNKPH
|9 281484
|
| 710 |
0 |
|
|a Angermayer, Karol a Ľudovít (firma)
|4 prt
|9 145621
|
| 752 |
|
|
|a Slovensko
|d Bratislava
|
| 852 |
|
|
|a SNK
|p SB 824/40
|
| 999 |
|
|
|c 687243
|d 689173
|
| 952 |
|
|
|a SNK
|b SNK
|y PREZ
|7 0
|p 17A0738149
|o snkSB 824/40
|i snk1661/44
|0 0
|1 0
|4 0
|d 2018-09-19
|l 0
|r 2025-01-31 00:00:00
|w 2026-02-23
|
| 952 |
|
|
|a SNK
|b SNK
|y VYP
|7 0
|p 17A1301556
|o snkSB 824/40 D1
|i snkK 2171/1971
|8 3
|0 0
|1 0
|4 0
|d 2018-09-19
|l 0
|r 2026-02-23 20:16:16
|w 2026-02-23
|